| 000 | 00844nam a22003137a 4500 | ||
|---|---|---|---|
| 001 | BR7503099 | ||
| 003 | BR-BrBNA | ||
| 005 | 20230928084803.0 | ||
| 007 | ta | ||
| 008 | 230509b bl.||||| |||| 00| 0 por d | ||
| 040 |
_aBR-BrBNA _bpor _cBiblioteca Nacional de Agricultura |
||
| 041 | _a(Por) | ||
| 072 |
_aM10; M40 _b8520 _b/G514 |
||
| 090 | _ 8520 BR7503099 | ||
| 100 | 1 | _aVizotto, L.D. | |
| 245 | 1 | _aRanicultura [ra, criacao, instalacao agricola, Sao Paulo, Brasil] | |
| 260 | 3 |
_aSao Jose do Rio Preto, SP (Brasil): _c1975. |
|
| 300 | _a43 p. | ||
| 500 | _aBibliography p. 37-41 (59 ref.) | ||
| 650 | _aRA | ||
| 650 | _aRANARIO | ||
| 650 | _aCLIMA | ||
| 650 | _aVEGETACAO | ||
| 650 | _aREPRODUCAO ANIMAL | ||
| 650 | _aNUTRICAO ANIMAL | ||
| 650 | _aCOMERCIALIZACAO | ||
| 909 |
_a202309 _bLucia _c55 _dLucia Elande |
||
| 942 | _cBK | ||
| 999 |
_c21102 _d21102 |
||